|
|
|
|
| LEADER |
00000nam0a2200000 4500 |
| 001 |
245555 |
| 005 |
20231101232132.0 |
| 010 |
|
|
|a 5752501121
|
| 035 |
|
|
|a (RuTPU)RU\TPU\book\266966
|
| 090 |
|
|
|a 245555
|
| 100 |
|
|
|a 20131113d1990 k y0rusy50 ca
|
| 101 |
0 |
|
|a rus
|
| 102 |
|
|
|a RU
|
| 105 |
|
|
|a y z 001zy
|
| 200 |
1 |
|
|a Осциллирующие функции и некоторые их приложения
|f Н. В. Воронина , В. В. Маланин, Р. А. Рекка
|
| 210 |
|
|
|a Свердловск
|c Изд-во Уральского ун-та
|d 1990
|
| 215 |
|
|
|a 112 с.
|
| 320 |
|
|
|a Библиогр.: с. 106-109.
|
| 606 |
1 |
|
|a Метрическая теория функций
|2 stltpush
|3 (RuTPU)RU\TPU\subj\72596
|9 86037
|
| 610 |
1 |
|
|a осциллирующие функции
|
| 610 |
1 |
|
|a приложения
|
| 610 |
1 |
|
|a дифференциальные уравнения
|
| 610 |
1 |
|
|a приближенные решения
|
| 610 |
1 |
|
|a частные производные
|
| 610 |
1 |
|
|a уравнения Фоккера-Планка
|
| 675 |
|
|
|a 517.518
|v 3
|
| 700 |
|
1 |
|a Воронина
|b Н. В.
|g Нина Валерьевна
|
| 701 |
|
1 |
|a Маланин
|b В. В.
|g Владимир Владимирович
|
| 701 |
|
1 |
|a Рекка
|b Р. А.
|g Римма Александровна
|
| 801 |
|
1 |
|a RU
|b 63413507
|c 20131113
|
| 801 |
|
2 |
|a RU
|b 63413507
|c 20131120
|g RCR
|
| 942 |
|
|
|c BK
|